00309nam a2200121Ia 4500008004100000082001500041100001600056245004500072250000800117260004600125300000800171650000800179191201s2009 xx 000 0 und d a658.5bKUO aKUMAR,Niraj 0aOrganizational Behaviour Concept, Theory a1st aN.DelhibHimalaya Publication Housec2009 a661 aMBA